000 01006cam a22002894a 4500
001 14136820
005 20250222080329.0
007 co ugu--------
008 051006s2006 paua 001 0 eng
020 _a9780781758062
050 0 0 _aRG101
_b.O24 2006
082 0 0 _a618
_222
245 0 0 _aObstetrics and gynecology /
_cCharles R.B. Beckmann ... [et al.].
250 _a5th ed.
260 _aPhiladelphia, PA :
_bLippincott Williams & Wilkins,
_cc2006.
300 _axvii, 813 p. :
_bill. some color ;
_c26 cm. +
_e1 CD-ROM (4 3/4 in.)
500 _aIncludes index.
650 0 _aGynecology.
650 0 _aObstetrics.
650 1 2 _aGenital Diseases, Female.
650 2 2 _aLabor, Obstetric.
650 2 2 _aPregnancy.
700 1 _aBeckmann, Charles R. B.
856 4 2 _3Publisher description
_uhttp://www.loc.gov/catdir/enhancements/fy0712/2005029418-d.html
856 4 1 _3Table of contents only
_uhttp://www.loc.gov/catdir/enhancements/fy0811/2005029418-t.html
942 _2lcc
_cBK
_e5th ed.
_n0
999 _c4116
_d4116